00417pab a2200133 454500008004000000100002400040245008100064260000900145300001300154362001200167650003500179650002100214773004800235180718b2001 xxu||||| |||| 00| 0 eng d aBrillantes, Alex B. aDoing things differently: innovations in local governance in the Philippines c2001 ap.84-96. aJan-Apr aLocal government - Philippines aLocal government aPhilippine Journal of Public Administration